00725 a2200205 4500010001400000020002600014035001300040037001600053082000800069090001700077100002000094245009200114260005000206270004600256300002900302500001900331942002300350999001700373952012900390 aENG-89150 a9780071492393c195.00 aEN-72683 bDBAD / PUB a158 c10408d10408 aBen-Shahar, Tal aHappier :cby Tal Ben-Shaharblearn the secrets to daily joy and lasting fulfillment / aNew DelhibTata McGraw-Hill Publishingc2008 a7, West Patel Nagar,bNew Delhie110 008 axvi, 192p.c23cm (pbk ) aIncludes index adplcENk158 / BEN c10145d10145 00102ddc40718NFICaDBADbDBADeDBAD/PUBg195.00l0o158pEN-72683r2008-09-15 00:00:00t1u11174v195.00w2008-09-15yEN